000 00585nam a22002177a 4500
005 20170124110102.0
010 _aA-043122
020 _c00.00
035 _aA-043122
037 _bCen Lib/Ret
040 _aDPL
_bEN
082 _aN
_bALL
100 _aAllen, Elizabeth
_927282
245 _aDeitz and Denny /
_cby Allen Elizabeth
260 _bMacdonald & Co. Ltd.
_c1965
_aLondon
270 _aGulf House, 2 Portman Street
300 _a122p.
_c20cm(Hb)
650 _aFiction in English, 1900- Texts
_927283
650 _aEnglish fiction
_927284
942 _2ddc
_cEN
_hN
_mALL
999 _c129747
_d129747